Angular Analysis of the B+→K*+μ+μ− Decay; Physical Review Letters; Vol. 126, iss. 16

Մատենագիտական մանրամասներ
Parent link:Physical Review Letters
Vol. 126, iss. 16.— 2021.— [161802, 11 p.]
Համատեղ հեղինակներ: Национальный исследовательский Томский политехнический университет Инженерная школа информационных технологий и робототехники Отделение автоматизации и робототехники (ОАР), Национальный исследовательский Томский политехнический университет Исследовательская школа физики высокоэнергетических процессов
Այլ հեղինակներ: Aaij R. Roel, Beteta C. A. Carlos Abellan, Eydelman S. I. Semen Isaakovich, Kharisova A. E. Anastasiya Evgenjevna, Panshin G. L. Gennady Leonidovich
Ամփոփում:Title screen
We present an angular analysis of the B+→K*+(→K0Sπ+)μ+μ− decay using 9  fb−1 of pp collision data collected with the LHCb experiment. For the first time, the full set of CP-averaged angular observables is measured in intervals of the dimuon invariant mass squared. Local deviations from standard model predictions are observed, similar to those in previous LHCb analyses of the isospin-partner B0→K*0μ+μ− decay. The global tension is dependent on which effective couplings are considered and on the choice of theory nuisance parameters.
Լեզու:անգլերեն
Հրապարակվել է: 2021
Խորագրեր:
Առցանց հասանելիություն:http://earchive.tpu.ru/handle/11683/72764
https://doi.org/10.1103/PhysRevLett.126.161802
Ձևաչափ: MixedMaterials Էլեկտրոնային Գրքի գլուխ
KOHA link:https://koha.lib.tpu.ru/cgi-bin/koha/opac-detail.pl?biblionumber=666689

MARC

LEADER 00000naa0a2200000 4500
001 666689
005 20250220155839.0
035 |a (RuTPU)RU\TPU\network\37893 
090 |a 666689 
100 |a 20220121d2021 k||y0rusy50 ba 
101 0 |a eng 
102 |a US 
135 |a drcn ---uucaa 
181 0 |a i  
182 0 |a b 
200 1 |a Angular Analysis of the B+→K*+μ+μ− Decay  |f R. Aaij, C. A. Beteta, S. I. Eydelman [et al.] 
203 |a Text  |c electronic 
300 |a Title screen 
320 |a [References: 87 tit.] 
330 |a We present an angular analysis of the B+→K*+(→K0Sπ+)μ+μ− decay using 9  fb−1 of pp collision data collected with the LHCb experiment. For the first time, the full set of CP-averaged angular observables is measured in intervals of the dimuon invariant mass squared. Local deviations from standard model predictions are observed, similar to those in previous LHCb analyses of the isospin-partner B0→K*0μ+μ− decay. The global tension is dependent on which effective couplings are considered and on the choice of theory nuisance parameters. 
461 |t Physical Review Letters 
463 |t Vol. 126, iss. 16  |v [161802, 11 p.]  |d 2021 
610 1 |a электронный ресурс 
610 1 |a труды учёных ТПУ 
701 1 |a Aaij  |b R.  |g Roel 
701 1 |a Beteta  |b C. A.  |g Carlos Abellan 
701 1 |a Eydelman  |b S. I.  |g Semen Isaakovich 
701 1 |a Kharisova  |b A. E.  |c nuclear technology specialist  |c engineer of Tomsk Polytechnic University  |f 1994-  |g Anastasiya Evgenjevna  |3 (RuTPU)RU\TPU\pers\46775 
701 1 |a Panshin  |b G. L.  |c specialist in the field of informatics and computer technology  |c Senior Lecturer at Tomsk Polytechnic University  |f 1987-  |g Gennady Leonidovich  |3 (RuTPU)RU\TPU\pers\40978  |9 21367 
712 0 2 |a Национальный исследовательский Томский политехнический университет  |b Инженерная школа информационных технологий и робототехники  |b Отделение автоматизации и робототехники (ОАР)  |3 (RuTPU)RU\TPU\col\23553 
712 0 2 |a Национальный исследовательский Томский политехнический университет  |b Исследовательская школа физики высокоэнергетических процессов  |c (2017- )  |3 (RuTPU)RU\TPU\col\23551 
801 2 |a RU  |b 63413507  |c 20220818  |g RCR 
856 4 |u http://earchive.tpu.ru/handle/11683/72764 
856 4 |u https://doi.org/10.1103/PhysRevLett.126.161802 
942 |c CF